|
|
|
|
| LEADER |
00000nab#a22000007a#4500 |
| 001 |
arbauad044419 |
| 003 |
AR-BaUAD |
| 005 |
20250711113433.0 |
| 008 |
000616|||||||||###||||||b###|0###a|spa|| |
| 040 |
|
|
|a AR-BaUAD
|c AR-BaUAD
|b spa
|
| 100 |
|
|
|a Tesson, Charles
|
| 245 |
|
|
|a L'autre fin de Los Olvidados /
|c Charles Tesson;
|
| 653 |
|
|
|a CINE
|
| 653 |
|
|
|a EDICION
|
| 653 |
|
|
|a MONTAJE
|
| 653 |
|
|
|a POSPRODUCCION
|
| 653 |
|
|
|a BUÑUEL, LUIS
|
| 653 |
|
|
|a DIRECTORES DE CINE
|
| 653 |
|
|
|a ESPAÑA
|
| 773 |
0 |
|
|t CAHIERS DU CINEMA
|g Nº546 [mayo 2000], p. 64-66
|
| 942 |
|
|
|c ARTI
|
| 952 |
|
|
|0 0
|1 0
|4 0
|7 0
|9 89338
|a AR-BAuAD
|b AR-BAuAD
|d 2025-07-11
|l 0
|p AAQA044419
|r 2025-07-11 11:34:33
|w 2025-07-11
|y ARTI
|
| 990 |
|
|
|a C200
|b TD
|
| 998 |
|
|
|a AAQ
|b BIBUN76
|
| 999 |
|
|
|c 69011
|d 69011
|